000 00617cam a22002053a 4500
001 44644
003 PGUSA
005 20140828084023.0
008 140111s2014||||xxu|||||s|||||000 | eng d
040 _aPGUSA
_beng
042 _adc
100 1 _aWalker, James Barr,
_d1805-1887
245 1 0 _aPhilosophy of the Plan of Salvation :
_bA Book for the Times
_h[electronic resource] /
_cJames Barr Walker
260 _bProject Gutenberg,
_c2014
506 _aPublic domain in the USA.
516 _aElectronic text
830 0 _aProject Gutenberg
_v44644
856 4 0 _uhttp://www.gutenberg.org/ebooks/44644
942 _cEB
999 _c273895
_d273895